Normal view MARC view
  • Pi i Murugó, Anna

Entry Nombre Personal

Number of records used in: 6

001 - NUMERO DE CONTROL

  • campo de control: 41901

003 - IDENTIFICADOR DE NUMERO DE CONTROL

  • campo de control: UPN

005 - FECHA Y HORA DE LA ÜLTIMA TRANSACCIÓN

  • campo de control: 20210219194613.0

008 - DATOS DE LONGITUD FIJA

  • campo de control de longitud fija: nabaccnnaabn|||||||||| b |nc|||||d

035 ## - NUMERO DE CONTROL

  • Número de control: UPN11000014008

040 ## - FUENTE DE CATALOGACIÓN

  • Lenguaje de catalogación: SPA
  • Agencia de transcripción: UPN

100 1# - ENCABEZAMIENTO - NOMBRE PERSONAL

  • Nombre personal: Pi i Murugó, Anna

670 ## - FUENTE EN LA QUE SE LOCALIZARON DATOS

  • Cita de la fuente: T
  • Uniform Resource Identifier: https://eib.sep.gob.mx/vufind/Channels/Search?filter%5B%5D=topic_facet%3A"HISTORIA-MEXICO"&type=AllFields&channelProvider=facets&channelToken=Autor%3A+Pi+i+Murugo%2C+Anna%7Cauthor_facet%3APi+i+Murugo%2C+Anna&layout=lightbox

902 ## - CATALOGADOR

  • Catalogador: MMA/251018